000
00252 a2200109 4500
001
76815
082
_a
004.BAR
090
_c
39267
_d
39267
100
_a
Barrett D
245
_a
Computer Networking Illuminated
260
_a
Boston
_b
Jones and Bartlett Pub
942
_a
NUST-CAE
_k
004.BAR
999
_c
311888
_d
311888